इलेक्ट्रॉनिक मीडिया बदलते आयाम / (Record no. 119294)

MARC details
000 -LEADER
fixed length control field 01299nam a22002657a 4500
005 - DATE AND TIME OF LATEST TRANSACTION
control field 20170124103131.0
010 ## - LIBRARY OF CONGRESS CONTROL NUMBER
LC control number B-286989
020 ## - INTERNATIONAL STANDARD BOOK NUMBER
Terms of availability 500.00
International Standard Book Number 9788186304754
035 ## - SYSTEM CONTROL NUMBER
System control number B-286989
037 ## - SOURCE OF ACQUISITION
Source of stock number/acquisition Cen Lib/Ret
040 ## - CATALOGING SOURCE
Original cataloging agency DPL
Language of cataloging HN
082 ## - DEWEY DECIMAL CLASSIFICATION NUMBER
Classification number 302.234
Item number मिश्रस्मि
100 ## - MAIN ENTRY--PERSONAL NAME
Personal name मिश्र, स्मिता
9 (RLIN) 84225
245 ## - TITLE STATEMENT
Title इलेक्ट्रॉनिक मीडिया बदलते आयाम /
Statement of responsibility, etc स्मिता मिश्र [और] अमरनाथ
246 ## - VARYING FORM OF TITLE
Title proper/short title Electronic media badalte aayam /
Remainder of title by Smita Mishra [aur] Amarnath
260 ## - PUBLICATION, DISTRIBUTION, ETC. (IMPRINT)
Place of publication, distribution, etc दिल्ली
Name of publisher, distributor, etc भारत पुस्तक भण्डार
Date of publication, distribution, etc 2008
270 ## - ADDRESS
Address ई-1/265 ए, सोनिया विहार
City दिल्ली
Postal code 110094
300 ## - PHYSICAL DESCRIPTION
Extent 236पृ. :
Dimensions 22सेमी(सजिल्द)
Other physical details सचित्र
650 ## - SUBJECT ADDED ENTRY--TOPICAL TERM
Topical term or geographic name as entry element रेडियो एवं टीवी समाचार
9 (RLIN) 84226
650 ## - SUBJECT ADDED ENTRY--TOPICAL TERM
Topical term or geographic name as entry element जनसंचार माध्यम -- नीतियां एवं समितियाँ
9 (RLIN) 84227
650 ## - SUBJECT ADDED ENTRY--TOPICAL TERM
Topical term or geographic name as entry element Radio & TV News
9 (RLIN) 84228
650 ## - SUBJECT ADDED ENTRY--TOPICAL TERM
Topical term or geographic name as entry element Mass Media - Policies and Committees
9 (RLIN) 84229
700 ## - ADDED ENTRY--PERSONAL NAME
Personal name अमरनाथ
9 (RLIN) 500
942 ## - ADDED ENTRY ELEMENTS (KOHA)
Source of classification or shelving scheme Dewey Decimal Classification
Koha item type Hindi Books
Classification part 302.234
Call number suffix मिश्रस्मि
Holdings
Withdrawn status Lost status Damaged status Not for loan Home library Current library Date acquired Source of acquisition Cost, normal purchase price Total Checkouts Full call number Barcode Date last seen Copy number Cost, replacement price Price effective from Koha item type
        Central Library Central Library 16/09/2015 Cen Lib/Ret 500.00   302.234 मिश्रस्मि B-286989 16/09/2015 1 500.00 16/09/2015 Hindi Books

© Delhi Public Library
Hit Counter
free hit counter